000 01451nam a2200217Ia 4500
999 _c43713
_d43713
001 10454
003 GE_BSU
005 20221219125037.0
008 181216s1984ge xx |||||||||||||| ||geo||
040 _cGE_BSU
041 _ageo
080 _a821.353.1–3+821.353.1–391+821.353.1–32 ქ-27
245 _aქართული პროზა:წ.7:ალექსანდრე ორბელიანი,გრიგოლ რჩეულიშვილი,ლავრენტი არდაზიანი,დანიელ ჭონქაძე,ანტონ ფურცელაძე /
_cშემდგ: გ. გვერდწითელი, ნ.ებრალიძე, რ.თვარაძე
264 _aთბილისი :
_bსაბჭოთა საქართველო,
_c1984.
300 _a718 გვ;
_b20 სმ.
653 _aქართული პროზა:წ.7:ალექსანდრე ორბელიანი,გრიგოლ რჩეულიშვილი,ლავრენტი არდაზიანი,დანიელ ჭონქაძე,ანტონ ფურცელაძე
700 _aგვერდწითელი, გ
_eშემდგენელი
_916481
700 _aებრალიძე, ნ
_eშემდგენელი
_916465
700 _aთვარაძე, რ
_eშემდგენელი
_914595
942 _cBK
_2udc